000 00597nam a22001937a 4500
005 20161109151710.0
010 _aENG-116495
020 _a9789352531950
_c475.00
035 _aEN-100028
037 _bDBAD/PUB
082 _a000
100 _a Aggarwal, Ashish
245 _aQuick arithmatic :
_cby Ashish Aggarwal
_bshort-cut methods of solving the problems(fully solved) /
250 _a7th rev. ed.
260 _aNew Delhi
_bS. Chand & Company
_c2016
270 _a7361,Ram Nagar
_bNew Delhi
_e110055
300 _a943p. :
_c24cm (pbk)
_bill
942 _2ddc
_cEN
_h000
_mAGG
999 _c104558
_d104558